000
00299nam a2200133Ia 4500
008
231129s1982||||xx |||||||||||||| ||spa||
040
_b
spa
082
_a
199.72 G675m
100
_a
Gortari Eli de
245
0
_a
El método dialéctico
260
_c
1982
264
_a
Grijalbo
942
_2
ddc
_c
BKS
999
_c
11689
_d
11689